| 000 | 00414nam a22001697a 4500 | ||
|---|---|---|---|
| 003 | MACL | ||
| 005 | 20160115171651.0 | ||
| 008 | 160115b xxu||||| |||| 00| 0 eng d | ||
| 040 | _cMACL | ||
| 041 | _aEnglish | ||
| 082 | _a900/SIN | ||
| 100 |
_aSingh Dr. Sudha _932743 |
||
| 245 | _aIndian Straggle For Freedom | ||
| 260 |
_aNew Delhi _bKunal Pustak Sansar _c2010 |
||
| 650 |
_aHistory _932744 |
||
| 942 |
_2ddc _cBK |
||
| 999 |
_c52541 _d52541 |
||